| 000 | 01271nam a2200265Ia 4500 | ||
|---|---|---|---|
| 999 |
_c38363 _d38363 |
||
| 001 | 4373 | ||
| 003 | GE_BSU | ||
| 005 | 20191015164859.0 | ||
| 008 | 181216s2012||||ge |||||||||||||| ||geo|| | ||
| 020 | _a9789941434006 | ||
| 040 | _cGE_BSU | ||
| 041 | _ageo | ||
| 080 | _a616.1/4(075.8) ლ–46 | ||
| 100 |
_aლეჟავა, ჯიმშერ _94732 |
||
| 245 |
_aშინაგან დაავადებათა დიაგნოსტიკა (პროპედევტიკა) : _bკლინიკური ლექციების კურსი / _cჯიმშერ ლეჟავა ; რედ. კახა ქაშიბაძე. |
||
| 264 |
_aბათუმი : _bშოთა რუსთაველის სახელმწ. უნ-ტი, _c2012. |
||
| 300 |
_a405 გვ. ; _b სურ. ; _c30 სმ. |
||
| 501 | _aშემოკლებების სია: გვ. 310-312. - საგნ. საძიებელი: გვ. 302-309. | ||
| 541 | _h7ლ. 94,6თ. | ||
| 653 | _aპროპედევტიკა | ||
| 653 | _aდიაგნოსტიკა | ||
| 653 | _aმედიცინა | ||
| 700 |
_aქაშიბაძე, კ. _eრედაქტორი _94733 |
||
| 942 |
_cBK _2udc |
||